| 000 | 00473nam a2200133Ia 4500 | ||
|---|---|---|---|
| 008 | 220620s9999||||xx |||||||||||||| ||und|| | ||
| 022 | _a19194390 | ||
| 100 | _aElizabeth Burge||Chère Campbell Gibson||Terry Gibson | ||
| 245 | 0 | _aFlexible Pedagogy, Flexible Practice: Notes from the Trenches of Distance Education | |
| 546 | _aEnglish[eng] | ||
| 650 | _aDistance learning||technology||methodology | ||
| 856 | _uhttp://www.aupress.ca/index.php/books/120203 | ||
| 942 | _cEB | ||
| 999 |
_c30444 _d30444 |
||